|
|
|
|
| LEADER |
00000naa2a2200000 4500 |
| 001 |
393088 |
| 005 |
20231101064342.0 |
| 035 |
|
|
|a (RuTPU)RU\TPU\prd\28950
|
| 090 |
|
|
|a 393088
|
| 100 |
|
|
|a 20041019a2004 k y0rusy50 ca
|
| 101 |
0 |
|
|a rus
|
| 102 |
|
|
|a RU
|
| 200 |
1 |
|
|a Многофункциональная микропроцессорная система управления тепловозом
|f Ю. Бабков, О. Котов, А. Литвинов и др.
|
| 225 |
1 |
|
|a Разработки/железнодорожный транспорт
|
| 461 |
|
1 |
|0 (RuTPU)RU\TPU\prd\1759
|x 0206-975X
|t Современные технологии автоматизации
|o производственно-технический журнал
|d 2000-
|
| 463 |
|
1 |
|0 (RuTPU)RU\TPU\prd\27854
|t № 3
|v С. 46-52
|d 2004
|
| 610 |
1 |
|
|a тепловозы
|
| 610 |
1 |
|
|a системы управления
|
| 610 |
1 |
|
|a микропроцессорные системы
|
| 610 |
1 |
|
|a бортовые диагностические устройства
|
| 610 |
1 |
|
|a структурные схемы
|
| 610 |
1 |
|
|a электрооборудование
|
| 701 |
|
1 |
|a Бабков
|b Ю.
|
| 701 |
|
1 |
|a Котов
|b О.
|
| 701 |
|
1 |
|a Литвинов
|b А.
|
| 701 |
|
1 |
|a Сергеев
|b Д.
|
| 701 |
|
1 |
|a Чудаков
|b П.
|
| 801 |
|
1 |
|a RU
|b 63413507
|c 20041019
|g PSBO
|
| 801 |
|
2 |
|a RU
|b 63413507
|c 20131217
|g RCR
|
| 942 |
|
|
|c BK
|